Presidente por Acontecimentos - Brasil - Statistics

Estatísticas Gerais
  • Esse quiz foi jogado 88 vezes
  • A pontuação média é 8 de 15
Estatísticas das Respostas
Hint Resposta % Correto
Criação do Programa Bolsa Família Lula
96%
Aumento em 100% do Salário Mínimo Getulio Vargas
95%
Implementação do Plano Real Itamar Franco
75%
Plano Cruzado José Sarney
68%
Crise de 1929 Washington Luís
56%
Governo teve uma fase Parlamentaristae uma fase Presidencialista Joao Goulart
53%
Política do Enchilhamento Deodoro da Fonseca
52%
Primeiro Presidente Negro Nilo Peçanha
52%
Aliado incondicional dos EUA durante a Guerra Fria Eurico Gaspar Dutra
51%
Guerra de Canudos Prudente de Morais
47%
Política dos Governadores Campos Sales
37%
Tratado de Petrópoles Rodrigues Alves
37%
Brasil na 1 Guerra Mundial Venceslau Bras
37%
Semana da Arte Moderna Epitacio Pessoa
36%
Bombardeio a cidade de São Paulo Arthur Bernardes
26%
Nenhum quiz correspondente encontrado
Distribuição das Pontuações
Porcentagem de Pessoas com Cada Pontuação
Percentil de Números Respondidos
Sua Pontuação Histórica
Você não jogou esse quiz